000 01817nam a22002417a 4500
999 _c63646
_d63646
003 Ge_BSU
005 20251120213056.0
008 251120s2025 ge ||||| |||| 00| 0 geo d
020 _a9789941839085
041 _ageo
080 _a332.32(072) : 631.458(072) გ-21
245 _aგარემოსდაცვითი და აგრარული განათლება სკოლაში : დამხმარე სახელმძღვანელო ზოგადი განათლების დაწყებითი საფეხურის მასწავლებლებისთვის : [8 წიგნად].
_b მიწის მართვა და გაუდაბნოების წინააღმდეგ ბრძოლა. წიგნი 7 /
_cსახელმძღვანელოს შექმნაზე მუშაობდნენ: მაია ბლიაძე, თეონა შუბლაძე, ნათია სარალიძე, მარიამ არჩუაძე; დიზაინერი თამარ გორჯოლაძე.
264 _aთბილისი,
_c2025.
300 _a128 გვ. :
_bილ. ;
_c30 სმ.
653 _aგარემოს დაცვა
653 _aნიადაგის ეროზია
700 _aბლიაძე, მაია
_eავტორი
_93279
700 _aშუბლაძე, თეონა
_eავტორი
_926287
700 _aსარალიძე, ნათია
_eავტორი
_926288
700 _aარჩუაძე, მარიამ
_eავტორი
_926289
700 _aგორჯოლაძე, თამარ
_eდიზაინერი
_926290
942 _2udc
_cᲬᲘᲒᲜᲘ